[Event "Cologne Longerich op 09th"]
[Site "Cologne"]
[Date "2012.08.05"]
[Round "4"]
[White "Evers, Leo"]
[Black "Jordans, Ralph"]
[Result "1/2-1/2"]
[WhiteElo "2034"]
[BlackElo "1865"]
[PlyCount "105"]
[EventDate "2012.08.03"]
[EventType "tourn"]
[EventRounds "5"]
[EventCountry "GER"]
[SourceTitle "EXT 2017"]
[Source "ChessBase"]
[SourceDate "2016.10.25"]
[SourceVersion "1"]
[SourceVersionDate "2016.10.25"]
[SourceQuality "1"]

1. d4 Nf6 2. c4 g6 3. Nc3 Bg7 4. e4 d6 5. f3 0-0 6. Be3 c5 7. dxc5 dxc5 8. Qxd8 Rxd8 9. Bxc5 Nc6 10. Nd5 Nd7 11. Nxe7+ Nxe7 12. Bxe7 Bxb2 13. Rb1 Bc3+ 14. Kd1 Re8 15. Ne2 Be5 16. Ba3 Nb6 17. Nc1 Be6 18. c5 Red8+ 19. Kc2 Rac8 20. Bb5 Bc4 21. Rd1 Rxd1 22. Kxd1 Rd8+ 23. Kc2 Bxb5 24. Rxb5 Nc4 25. Kb3 a6 26. Rb4 Na5+ 27. Kc2 Rd7 28. Nd3 Bxh2 29. Bb2 Nc6 30. Ra4 Bg1 31. Bc3 Be3 32. Rc4 Kf8 33. Ne5 Nxe5 34. Bxe5 Rd2+ 35. Kc3 Rxa2 36. Kd3 Bg1 37. Rb4 Ra5 38. Kc4 Rb5 39. Rxb5 axb5+ 40. Kxb5 Ke7 41. Kb6 Kd8 42. Kb5 Kd7 43. Bf4 Bf2 44. Be5 Bg1 45. Bg3 Be3 46. Kb6 Kc8 47. Be1 Bd4 48. Ba5 Bf2 49. Kb5 Kd7 50. Bb6 Bg3 51. Ba5 Bf4 52. Be1 Be3 53. Kb6 1/2-1/2

[Event "Cologne Longerich op 09th"]
[Site "Cologne"]
[Date "2012.08.05"]
[Round "3"]
[White "Jordans, Ralph"]
[Black "Fieberg, Christoph"]
[Result "1-0"]
[WhiteElo "1865"]
[BlackElo "1765"]
[PlyCount "121"]
[EventDate "2012.08.03"]
[EventType "tourn"]
[EventRounds "5"]
[EventCountry "GER"]
[SourceTitle "EXT 2017"]
[Source "ChessBase"]
[SourceDate "2016.10.25"]
[SourceVersion "1"]
[SourceVersionDate "2016.10.25"]
[SourceQuality "1"]

1. c4 e5 2. Nc3 Nf6 3. g3 c6 4. Nf3 e4 5. Nd4 Bc5 6. Nb3 Bb4 7. Bg2 d5 8. cxd5 cxd5 9. a3 Be7 10. 0-0 0-0 11. d3 Bf5 12. Nd4 Bg6 13. Bf4 Nc6 14. Nxc6 bxc6 15. dxe4 d4 16. Na4 Bxe4 17. Bxe4 Nxe4 18. Rc1 Qd5 19. f3 Ng5 20. Bxg5 Bxg5 21. Rc5 Be3+ 22. Kg2 Qe6 23. Qd3 f5 24. f4 Rae8 25. b4 Rf6 26. Re5 Qf7 27. Rxe8+ Qxe8 28. Qc4+ Kh8 29. Nc5 Rh6 30. Qa6 Qg8 31. h4 Rg6 32. Rf3 h5 33. Nd3 Qa2 34. Ne5 Rf6 35. Qd3 Qd5 36. Kh2 a5 37. bxa5 Qxa5 38. Nc4 Qc5 39. Nxe3 dxe3 40. Qxe3 Qxe3 41. Rxe3 Kg8 42. Kg2 Kf7 43. Kf3 g6 44. Rc3 Rd6 45. e4 fxe4+ 46. Kxe4 Ke6 47. Rd3 Rxd3 48. Kxd3 Kd5 49. a4 Kc5 50. Kc3 Kd5 51. Kb4 Kd4 52. a5 c5+ 53. Ka3 Kd5 54. Kb3 c4+ 55. Kc3 Ke4 56. a6 Kf3 57. a7 Kxg3 58. a8Q Kxf4 59. Qh1 g5 60. hxg5 Kxg5 61. Qh3 1-0

[Event "Bad Godesberg op 16th"]
[Site "Bad Godesberg"]
[Date "2012.07.13"]
[Round "7"]
[White "Jordans, Ralph"]
[Black "Koenig, Christian"]
[Result "0-1"]
[WhiteElo "1899"]
[BlackElo "2104"]
[PlyCount "92"]
[EventDate "2012.07.07"]
[EventType "swiss"]
[EventRounds "9"]
[EventCountry "GER"]
[SourceTitle "CBM 149 Extra"]
[Source "ChessBase"]
[SourceDate "2012.08.24"]
[SourceVersion "1"]
[SourceVersionDate "2012.08.24"]
[SourceQuality "1"]

1. c4 b6 2. Nc3 Bb7 3. Nf3 c5 4. d4 cxd4 5. Qxd4 Nc6 6. Qd1 g6 7. g3 Bg7 8. Bg2 Ne5 9. Qa4 Qc8 10. 0-0 Nxc4 11. Rd1 Nf6 12. Rd4 Na5 13. Ne5 Bxg2 14. Kxg2 Qb7+ 15. Kg1 Nc6 16. Nxc6 Qxc6 17. Rc4 Qxa4 18. Rxa4 0-0 19. Bg5 Rfc8 20. Rd1 d6 21. Bxf6 Bxf6 22. Nd5 Kg7 23. b3 Rc6 24. Rd3 e6 25. Nxf6 Kxf6 26. Ra6 d5 27. Kg2 Rc7 28. Rd4 Ke5 29. Rb4 Rb7 30. Kf3 Rc8 31. Rba4 Rcc7 32. g4 g5 33. Ke3 Kd6 34. Kd3 e5 35. f3 Kd7 36. e3 Kc8 37. h4 h6 38. hxg5 hxg5 39. f4 f6 40. f5 Kb8 41. Rb4 Rc5 42. Rba4 Rbc7 43. Rb4 Rc3+ 44. Kd2 Rc2+ 45. Kd1 Rg2 46. Ra5 Rh7 0-1

[Event "Bad Godesberg op 16th"]
[Site "Bad Godesberg"]
[Date "2012.07.09"]
[Round "3"]
[White "Christensen, Niels"]
[Black "Jordans, Ralph"]
[Result "0-1"]
[WhiteElo "2290"]
[BlackElo "1899"]
[PlyCount "92"]
[EventDate "2012.07.07"]
[EventType "swiss"]
[EventRounds "9"]
[EventCountry "GER"]
[SourceTitle "CBM 149 Extra"]
[Source "ChessBase"]
[SourceDate "2012.08.24"]
[SourceVersion "1"]
[SourceVersionDate "2012.08.24"]
[SourceQuality "1"]

1. d4 Nf6 2. c4 g6 3. Nc3 Bg7 4. Nf3 0-0 5. Bf4 d5 6. e3 c6 7. Bd3 a6 8. 0-0 dxc4 9. Bxc4 b5 10. Bd3 Bb7 11. a4 Nbd7 12. Qb3 Nh5 13. Bg5 Bf6 14. Bh6 Ng7 15. e4 e5 16. dxe5 Nxe5 17. Be2 Nxf3+ 18. Bxf3 Be5 19. g3 Qf6 20. Bg2 Rfd8 21. axb5 axb5 22. Rxa8 Bxa8 23. Be3 Ne6 24. f4 Bd4 25. Bxd4 Qxd4+ 26. Kh1 Nc5 27. Qc2 Nd3 28. e5 Kg7 29. h4 b4 30. Na4 c5 31. Bxa8 Rxa8 32. f5 gxf5 33. Nb6 Re8 34. Nc4 Qe4+ 35. Kh2 Nxe5 36. Qxe4 fxe4 37. Nd6 Re6 38. Nf5+ Kg6 39. h5+ Kg5 40. Kh3 Rf6 41. g4 Nxg4 42. Rg1 Kxf5 43. Rxg4 h6 44. Kg3 Ke5 45. Rg8 Kd4 46. Rd8+ Kc4 0-1

[Event "Mittelrhein Verbandsliga-M 1112"]
[Site "Germany"]
[Date "2011.11.13"]
[Round "3.8"]
[White "Steinbach, Ulrich"]
[Black "Jordans, Ralph"]
[Result "1-0"]
[WhiteElo "1767"]
[BlackElo "1783"]
[PlyCount "97"]
[EventDate "2011.09.18"]
[EventType "team-tourn"]
[EventRounds "11"]
[EventCountry "GER"]
[SourceTitle "EXT 2013"]
[Source "ChessBase"]
[SourceDate "2012.11.22"]
[SourceVersion "1"]
[SourceVersionDate "2012.11.22"]
[SourceQuality "1"]
[WhiteTeam "Koeln Muelheim II"]
[BlackTeam "Koeln Ford SF II"]
[WhiteTeamCountry "GER"]
[BlackTeamCountry "GER"]

1. e4 c5 2. Nf3 d6 3. d4 cxd4 4. Nxd4 Nf6 5. Nc3 a6 6. f3 g6 7. Be3 Bg7 8. Qd2 Nc6 9. 0-0-0 0-0 10. g4 Nd7 11. Qf2 Nde5 12. h3 Nxd4 13. Bxd4 b5 14. f4 Nc6 15. Bxg7 Kxg7 16. e5 b4 17. Nd5 Qa5 18. Qb6 Qc5 19. exd6 exd6 20. Bg2 Rb8 21. Qxc5 dxc5 22. Rhe1 Nd4 23. Re7 Be6 24. Nc7 Bxa2 25. Nxa6 Rbe8 26. Rde1 Rxe7 27. Rxe7 Kf6 28. Re5 Ne6 29. Nxc5 Rd8 30. g5+ Kg7 31. Nxe6+ Bxe6 32. Re4 Rb8 33. Rd4 b3 34. c3 Rb5 35. Kd2 Ra5 36. c4 Bf5 37. Kc3 Bc2 38. Be4 h6 39. h4 Ra1 40. Bxc2 bxc2 41. Kxc2 Rh1 42. gxh6+ Kxh6 43. f5 g5 44. hxg5+ Kxg5 45. Rd5 Rf1 46. c5 Rxf5 47. Rxf5+ Kxf5 48. b4 Ke4 49. c6 1-0

[Event "Cologne Longerich op 8th"]
[Site "Cologne"]
[Date "2011.08.13"]
[Round "3"]
[White "Jordans, Ralph"]
[Black "Runte, Dirk"]
[Result "1-0"]
[WhiteElo "1848"]
[BlackElo "1593"]
[PlyCount "49"]
[EventDate "2011.08.12"]
[EventType "swiss"]
[EventRounds "5"]
[EventCountry "GER"]
[SourceTitle "CBM 144 Extra"]
[Source "ChessBase"]
[SourceDate "2011.10.28"]
[SourceVersion "1"]
[SourceVersionDate "2011.10.28"]
[SourceQuality "1"]

1. c4 Nf6 2. Nc3 g6 3. d4 Bg7 4. e4 d6 5. f4 0-0 6. Be2 c5 7. d5 e6 8. e5 Ne8 9. Nf3 exd5 10. Qxd5 Nc6 11. a3 Be6 12. Qe4 dxe5 13. fxe5 Bf5 14. Qe3 Nd4 15. Bd1 Bc2 16. 0-0 Qe7 17. Nd5 Qe6 18. Nxd4 cxd4 19. Qxd4 Bxe5 20. Qf2 Bxd1 21. Rxd1 Nf6 22. Qf3 Rad8 23. Bg5 Rd6 24. Nxf6+ Bxf6 25. Rxd6 1-0

[Event "Bad Godesberg op 15th"]
[Site "Bad Godesberg"]
[Date "2011.07.28"]
[Round "6"]
[White "Jordans, Ralph"]
[Black "Schwab, Thomas"]
[Result "1-0"]
[WhiteElo "1848"]
[BlackElo "1930"]
[PlyCount "119"]
[EventDate "2011.07.23"]
[EventType "swiss"]
[EventRounds "9"]
[EventCountry "GER"]
[SourceTitle "EXT 2017"]
[Source "ChessBase"]
[SourceDate "2016.10.25"]
[SourceVersion "1"]
[SourceVersionDate "2016.10.25"]
[SourceQuality "1"]

1. c4 Nf6 2. Nc3 d5 3. cxd5 Nxd5 4. Nf3 g6 5. g3 Bg7 6. Bg2 Nxc3 7. bxc3 0-0 8. 0-0 c5 9. d4 Nc6 10. Be3 Be6 11. Qd2 Qa5 12. Bh6 Rfd8 13. Bxg7 Kxg7 14. Rfd1 Rd7 15. Ng5 cxd4 16. Nxe6+ fxe6 17. Bxc6 bxc6 18. cxd4 Qxd2 19. Rxd2 c5 20. Rad1 Rad8 21. e3 Rd5 22. f4 Kf6 23. Kf2 g5 24. Kf3 h5 25. h3 h4 26. g4 gxf4 27. Kxf4 a5 28. Ke4 e5 29. dxe5+ Rxe5+ 30. Kf4 Rxd2 31. Rxd2 Ke6 32. e4 c4 33. Ke3 Rc5 34. Kd4 Kd6 35. Rc2 e5+ 36. Kc3 Ke6 37. Rb2 Rc8 38. Rb6+ Ke7 39. Rh6 Rf8 40. Rxh4 Rf4 41. Kxc4 Rxe4+ 42. Kd5 Re2 43. a4 Kf6 44. Rh6+ Kg5 45. Rh5+ Kf6 46. Rf5+ Kg6 47. Rxe5 Ra2 48. h4 Rxa4 49. h5+ Kf7 50. Rg5 Rb4 51. Kc5 Rb8 52. Kc4 Rb4+ 53. Kc3 Ke6 54. h6 Kf6 55. Rg7 Rb1 56. g5+ Kf5 57. h7 Rh1 58. g6 Rh3+ 59. Kb2 a4 60. Rg8 1-0

[Event "Cologne Ford op 17th"]
[Site "Cologne"]
[Date "2011.05.09"]
[Round "4"]
[White "Jordans, Ralph"]
[Black "Gorissen, Hubert"]
[Result "0-1"]
[WhiteElo "1750"]
[BlackElo "1952"]
[PlyCount "70"]
[EventDate "2011.04.12"]
[EventType "swiss"]
[EventRounds "7"]
[EventCountry "GER"]
[SourceTitle "EXT 2012"]
[Source "ChessBase"]
[SourceDate "2011.11.24"]
[SourceVersion "1"]
[SourceVersionDate "2011.11.24"]
[SourceQuality "1"]

1. c4 e6 2. Nc3 d5 3. d4 Nf6 4. Nf3 c6 5. e3 Nbd7 6. cxd5 exd5 7. Be2 Bd6 8. 0-0 0-0 9. Re1 Ne4 10. Nxe4 dxe4 11. Nd2 f5 12. Bc4+ Kh8 13. Nf1 Nf6 14. Bd2 Ng4 15. f3 exf3 16. Qxf3 Qh4 17. g3 Qe7 18. h3 Nf6 19. Re2 Bd7 20. Rc1 Rae8 21. a3 Ne4 22. Be1 Rf6 23. Bd3 Ng5 24. Qg2 Rh6 25. h4 Ne4 26. Qf3 g5 27. d5 cxd5 28. Bc3+ Kg8 29. Rg2 Rg6 30. Bd4 gxh4 31. Bxa7 h3 32. Rgc2 Nxg3 33. Kf2 Ne4+ 34. Ke1 Qh4+ 35. Kd1 f4 0-1

[Event "Regionalliga Mittelrhein 1011"]
[Site "Germany"]
[Date "2011.05.01"]
[Round "9.7"]
[White "Jordans, Ralph"]
[Black "Botvinnik, July"]
[Result "1-0"]
[WhiteElo "1750"]
[BlackElo "2062"]
[PlyCount "97"]
[EventDate "2010.10.24"]
[EventType "team"]
[EventRounds "9"]
[EventCountry "GER"]
[SourceTitle "EXT 2015"]
[Source "ChessBase"]
[SourceDate "2014.11.20"]
[SourceVersion "1"]
[SourceVersionDate "2014.11.20"]
[SourceQuality "1"]
[WhiteTeam "Koeln Ford SF"]
[BlackTeam "Koeln Muelheim"]
[WhiteTeamCountry "GER"]
[BlackTeamCountry "GER"]

1. c4 f5 2. Nf3 Nf6 3. Nc3 g6 4. g3 Bg7 5. Bg2 0-0 6. 0-0 e6 7. d4 Ne4 8. Qb3 d5 9. Bf4 c6 10. Rad1 h6 11. Be5 Nd7 12. Bxg7 Kxg7 13. e3 Qe7 14. Ne1 b6 15. Qa4 Bb7 16. f3 Nd6 17. cxd5 exd5 18. Nc2 Nc4 19. Qb3 Na5 20. Qa3 Qxa3 21. Nxa3 Ba6 22. Rfe1 Nf6 23. e4 Rad8 24. e5 Ng8 25. f4 Bc8 26. b4 Nb7 27. b5 Bd7 28. bxc6 Bxc6 29. Nab5 Bxb5 30. Nxb5 Ne7 31. Rc1 Nc8 32. Nc7 Ne7 33. Ne6+ Kf7 34. Nxf8 Kxf8 35. Rc7 Na5 36. Rxa7 Nac6 37. Rb7 Ra8 38. Rxb6 Rxa2 39. Bxd5 Nxd5 40. Rxc6 Rd2 41. Rxg6 Rxd4 42. Rxh6 Nc3 43. Rf6+ Ke7 44. Rxf5 Rd2 45. Rh5 Ne2+ 46. Kf1 Nd4 47. Rh7+ Ke6 48. Rh6+ Kf5 49. h3 1-0

[Event "Cologne Ford op"]
[Site "Cologne"]
[Date "2010.04.26"]
[Round "2"]
[White "Jordans, Ralph"]
[Black "Schuelke, Tilman"]
[Result "1/2-1/2"]
[WhiteElo "1812"]
[BlackElo "2001"]
[PlyCount "120"]
[EventDate "2010.04.19"]
[EventType "swiss"]
[EventRounds "7"]
[EventCountry "GER"]
[SourceTitle "EXT 2011"]
[Source "ChessBase"]
[SourceDate "2010.11.26"]
[SourceVersion "1"]
[SourceVersionDate "2010.11.26"]
[SourceQuality "1"]

1. c4 e5 2. g3 d6 3. Bg2 g6 4. Nc3 Bg7 5. d3 h6 6. Rb1 c6 7. b4 Be6 8. Qa4 Ne7 9. Bb2 0-0 10. e3 f5 11. Nge2 Nd7 12. Qa3 Qc7 13. 0-0 g5 14. f4 gxf4 15. gxf4 e4 16. Nd4 Bf7 17. dxe4 Bxc4 18. Rf3 a5 19. b5 Nc5 20. Rg3 Rf7 21. e5 b6 22. bxc6 d5 23. Ncb5 Bxb5 24. Nxb5 Qxc6 25. Nd6 Ne6 26. Nxf7 Kxf7 27. Rc1 Qb7 28. Qd6 Bf8 29. Qa3 Rc8 30. Rxc8 Qxc8 31. Qb3 Qc6 32. Ba3 Nc5 33. Qd1 b5 34. Qh5+ Ke6 35. Rg6+ Nxg6 36. Qxg6+ Kd7 37. Qxf5+ Ke8 38. Qh5+ Kd8 39. Qd1 b4 40. Bc1 a4 41. Qxd5+ Qxd5 42. Bxd5 Nd3 43. Bd2 b3 44. axb3 a3 45. Ba5+ Ke8 46. b4 Bxb4 47. Bxb4 Nxb4 48. Bb3 a2 49. Bxa2 Nxa2 50. Kf2 Ke7 51. e4 Ke6 52. Ke3 Nb4 53. Kf3 Nd3 54. Kg4 Nf2+ 55. Kh5 Nd3 56. f5+ Kxe5 57. Kxh6 Kf6 58. h4 Nc5 59. e5+ Kxf5 60. Kh7 Kg4 1/2-1/2

[Event "Berlin Lichtenberger op 8th"]
[Site "Berlin"]
[Date "2009.08.23"]
[Round "9"]
[White "Jordans, Ralph"]
[Black "Welz, Peter"]
[Result "1/2-1/2"]
[WhiteElo "1870"]
[BlackElo "2101"]
[PlyCount "109"]
[EventDate "2009.08.15"]
[EventType "swiss"]
[EventRounds "9"]
[EventCountry "GER"]
[SourceTitle "CBM 131 Extra"]
[Source "ChessBase"]
[SourceDate "2009.09.03"]
[SourceVersion "2"]
[SourceVersionDate "2009.09.16"]
[SourceQuality "1"]

1. c4 f5 2. Nf3 Nf6 3. g3 g6 4. Bg2 Bg7 5. Nc3 d6 6. d3 e5 7. Qb3 Nc6 8. Bg5 h6 9. Bd2 g5 10. e3 Qe7 11. Nd5 Nxd5 12. cxd5 Nd8 13. h4 g4 14. Ng1 0-0 15. Ne2 Kh8 16. 0-0 c5 17. dxc6 bxc6 18. Rac1 Be6 19. Qa3 Rc8 20. d4 f4 21. exf4 exd4 22. Rfe1 Qd7 23. Be4 c5 24. f5 Bxf5 25. Nf4 Nc6 26. Bd5 Ne5 27. Nh5 Nd3 28. Be6 Bxe6 29. Qxd3 Bf5 30. Qa3 Rce8 31. Nxg7 Kxg7 32. Bf4 Rxe1+ 33. Rxe1 Re8 34. Rxe8 Qxe8 35. Qxa7+ Kg6 36. Qa5 Qe2 37. Qd2 Qxd2 38. Bxd2 Bd3 39. Bf4 d5 40. Bd6 c4 41. Be5 Bb1 42. a4 d3 43. Bc3 Bc2 44. a5 d4 45. Bd2 h5 46. Kf1 Kf5 47. Ke1 Ba4 48. Bb4 Ke4 49. a6 Bc6 50. Ba5 Kd5 51. Kd2 Kc5 52. Bc7 Bb5 53. a7 Bc6 54. Be5 Kd5 55. Bf6 1/2-1/2

[Event "Berlin Lichtenberger op 8th"]
[Site "Berlin"]
[Date "2009.08.18"]
[Round "4"]
[White "Jordans, Ralph"]
[Black "Krawatzki, Armin"]
[Result "1-0"]
[WhiteElo "1870"]
[BlackElo "1874"]
[PlyCount "105"]
[EventDate "2009.08.15"]
[EventType "swiss"]
[EventRounds "9"]
[EventCountry "GER"]
[SourceTitle "CBM 131 Extra"]
[Source "ChessBase"]
[SourceDate "2009.09.03"]
[SourceVersion "2"]
[SourceVersionDate "2009.09.16"]
[SourceQuality "1"]

1. c4 c5 2. Nf3 Nf6 3. Nc3 e6 4. g3 b6 5. Bg2 Bb7 6. 0-0 Be7 7. Re1 0-0 8. e4 d6 9. d4 cxd4 10. Nxd4 Nbd7 11. b3 a6 12. Bb2 Qc7 13. Rc1 Rac8 14. Kh1 Qb8 15. f4 Rfe8 16. Qd2 h6 17. Rcd1 Rcd8 18. Bf3 Qa8 19. Qg2 Bf8 20. h3 Nc5 21. Kh2 Qb8 22. f5 Qa8 23. b4 e5 24. Nc2 Ncd7 25. a3 Rc8 26. Ne3 Rc7 27. g4 Rec8 28. h4 Be7 29. g5 hxg5 30. hxg5 Ne8 31. f6 Bf8 32. Nf5 g6 33. Ne3 Ndxf6 34. gxf6 Nxf6 35. Ncd5 Bxd5 36. cxd5 Kg7 37. Re2 Be7 38. Nf5+ Kf8 39. Nxe7 Kxe7 40. Qg5 Rc2 41. Rdd2 Rxb2 42. Rxb2 Rh8+ 43. Kg2 Qc8 44. Rbc2 Qh3+ 45. Kf2 Qh2+ 46. Ke1 Qh4+ 47. Qxh4 Rxh4 48. Rc7+ Kf8 49. Rc6 Rh3 50. Rf2 g5 51. Rxd6 Kg7 52. Rxf6 Kxf6 53. Bg4+ 1-0

[Event "Berlin Lichtenberger op 8th"]
[Site "Berlin"]
[Date "2009.08.15"]
[Round "1"]
[White "Heldt, Ronny"]
[Black "Jordans, Ralph"]
[Result "0-1"]
[WhiteElo "1112"]
[BlackElo "1870"]
[PlyCount "136"]
[EventDate "2009.08.15"]
[EventType "swiss"]
[EventRounds "9"]
[EventCountry "GER"]
[SourceTitle "CBM 131 Extra"]
[Source "ChessBase"]
[SourceDate "2009.09.03"]
[SourceVersion "2"]
[SourceVersionDate "2009.09.16"]
[SourceQuality "1"]

1. d4 Nf6 2. c4 g6 3. g3 Bg7 4. Bg2 0-0 5. Nf3 c5 6. 0-0 Qb6 7. Nc3 d6 8. Re1 Nc6 9. e3 Na5 10. b3 Nc6 11. d5 Nb4 12. a3 Na6 13. Rb1 Ng4 14. Bb2 Bd7 15. Ne4 Bxb2 16. Rxb2 Qa5 17. a4 Bf5 18. Nfd2 Ne5 19. Qe2 Nb4 20. Rd1 Bg4 21. Nf3 h6 22. h3 Nxf3+ 23. Bxf3 Bxh3 24. g4 f5 25. Ng3 Kh7 26. Kh2 fxg4 27. Bxg4 Bxg4 28. Qxg4 Qd8 29. Rg1 Rg8 30. Ne4 Qe8 31. f4 Qf7 32. Rf2 Qf5 33. Qxf5 gxf5 34. Ng3 Raf8 35. Rfg2 Rf7 36. Nh5 Rxg2+ 37. Rxg2 Nd3 38. Ng3 b6 39. Kh3 Nb4 40. Kh2 a5 41. Kh3 Na6 42. Rf2 Nc7 43. e4 fxe4 44. Nxe4 Ne8 45. f5 Nf6 46. Nxf6+ Rxf6 47. Kg3 Kg7 48. Kg4 Rf8 49. Kf4 Rh8 50. Rg2+ Kf7 51. Rg3 h5 52. Rh3 Kf6 53. Rf3 h4 54. Kg4 h3 55. Rxh3 Rxh3 56. Kxh3 Kxf5 57. Kh4 e6 58. dxe6 Kxe6 59. Kg4 Ke5 60. Kf3 Kd4 61. Kf4 Kc3 62. Ke4 Kxb3 63. Kd5 Kxa4 64. Kxd6 Kb4 65. Kc6 a4 66. Kxb6 a3 67. Kc6 a2 68. Kd5 a1Q 0-1

[Event "Cologne Ford op"]
[Site "Cologne"]
[Date "2009.06.15"]
[Round "7"]
[White "Jordans, Ralph"]
[Black "Gutt, Oswald"]
[Result "1-0"]
[WhiteElo "1805"]
[BlackElo "1950"]
[PlyCount "149"]
[EventDate "2009.04.27"]
[EventType "swiss"]
[EventRounds "7"]
[EventCountry "GER"]
[SourceTitle "EXT 2011"]
[Source "ChessBase"]
[SourceDate "2010.11.26"]
[SourceVersion "1"]
[SourceVersionDate "2010.11.26"]
[SourceQuality "1"]

1. c4 Nf6 2. Nf3 e6 3. g3 d5 4. b3 Be7 5. Bb2 0-0 6. e3 b6 7. Bg2 Bb7 8. 0-0 Nbd7 9. d3 a5 10. Nc3 Nc5 11. Nb5 c6 12. Nc3 Qc7 13. d4 Nce4 14. Nxe4 Nxe4 15. Rc1 Rad8 16. cxd5 exd5 17. Qc2 Bf6 18. Rfd1 Rfe8 19. Ne5 Bxe5 20. dxe5 c5 21. f3 Ng5 22. Qf5 h6 23. h4 Bc8 24. Qc2 Ne6 25. f4 Bb7 26. f5 Nf8 27. Qe2 Rxe5 28. Bxe5 Qxe5 29. Qf2 Nh7 30. Qf4 f6 31. Rc2 Re8 32. Kf2 Nf8 33. Rcd2 Qc3 34. Bxd5+ Bxd5 35. Rxd5 g5 36. Qf3 a4 37. R5d3 Qb2+ 38. R1d2 Qc1 39. hxg5 hxg5 40. Qd5+ Kg7 41. Qb7+ Kg8 42. Qc6 Kf7 43. Qxa4 Qh1 44. Qc4+ Kg7 45. Qd5 Qh3 46. Qf3 Re5 47. g4 Qh4+ 48. Kf1 c4 49. bxc4 b5 50. Rd5 Rxd5 51. cxd5 Nd7 52. Rd4 Ne5 53. Qg2 Qh8 54. d6 Qc8 55. Qe2 Qc6 56. e4 Qc1+ 57. Kg2 Qc6 58. Qd1 Nd7 59. Rd5 Qc4 60. Kf3 Qxa2 61. Rxb5 Qa3+ 62. Kf2 Qa2+ 63. Qe2 Qa7+ 64. Kg2 Qa6 65. Qb2 Qxd6 66. Rd5 Qc6 67. Kf3 Nc5 68. Qc2 Qa6 69. Rxc5 Qf1+ 70. Ke3 Qg1+ 71. Kd3 Qf1+ 72. Kd4 Qg1+ 73. Kd5 Qh1 74. Ra5 Kh6 75. Ra8 1-0

[Event "Cologne Ford op"]
[Site "Cologne"]
[Date "2009.06.08"]
[Round "6"]
[White "Proba, Stefan"]
[Black "Jordans, Ralph"]
[Result "1/2-1/2"]
[WhiteElo "1871"]
[BlackElo "1805"]
[PlyCount "75"]
[EventDate "2009.04.27"]
[EventType "swiss"]
[EventRounds "7"]
[EventCountry "GER"]
[SourceTitle "EXT 2011"]
[Source "ChessBase"]
[SourceDate "2010.11.26"]
[SourceVersion "1"]
[SourceVersionDate "2010.11.26"]
[SourceQuality "1"]

1. d4 Nf6 2. c4 g6 3. Nc3 Bg7 4. e4 d6 5. f4 0-0 6. Nf3 e5 7. dxe5 dxe5 8. Qxd8 Rxd8 9. Nxe5 c6 10. Be2 Nbd7 11. Nxd7 Nxd7 12. Be3 Bxc3+ 13. bxc3 Nf6 14. e5 Ng4 15. Bd4 Re8 16. 0-0 Nh6 17. c5 Bf5 18. h3 f6 19. Bc4+ Be6 20. Bxe6+ Rxe6 21. exf6 Nf5 22. Rab1 Nxd4 23. cxd4 b6 24. f5 Rxf6 25. fxg6 Rxg6 26. a4 Rd8 27. cxb6 axb6 28. Rf4 Ra8 29. Rb4 Ra5 30. Rg4 Rxg4 31. hxg4 c5 32. dxc5 bxc5 33. Rf4 Ra6 34. Kf2 Rc6 35. Rc4 Kf7 36. Kf3 Ke6 37. Ke4 Kd6 38. g5 1/2-1/2